| 000 | 00344nam a2200133Ia 4500 | ||
|---|---|---|---|
| 008 | 150201s2010 xx 000 0 und d | ||
| 082 |
_a610.7 _bR010T |
||
| 100 | _aTHAKURTA, RG | ||
| 245 | _aRECOVERY FROM MEDICAL ASPECTS | ||
| 250 | _a1ST | ||
| 260 |
_bBIRLA PUB. _aDELHI _c2010 |
||
| 650 | _aOTHER CLINICAL & NON CLINICAL BOOKS | ||
| 942 |
_2ddc _cBK |
||
| 999 |
_c638 _d638 |
||